000 01464nam0a2200337 4500
001 RU\NLR\bibl\1490384
005 20250616012530.0
010 _a978-5-7314-0175-3
_9300
021 _aRU
_b2010-6691
_9435
035 _a(NLR Aleph) 001481959
090 _a1709171
_c1709171
100 _a20100325d2008 |||y0rusy50 ca
101 0 _arus
102 _aRU
105 _ay |||||||||
200 1 _aКак обучать и воспитывать девочек?
_fН.Ю. Ерофеева
_gМ-во образования и науки Удмурт. Респ., Ин-т повышения квалификации и переподгот. работников образования Удмурт. Респ.
210 _aИжевск
_cИзд-во ИПК и ПРО УР
_d2008
215 _a66 с.
_d20
300 _aНа 2-й с. обл. авт.: Н.Ю. Ерофеева - д.п.н., проф.
320 _aБиблиогр.: с. 65-66 (21 назв.)
606 1 _aДевочки
_jМетодические пособия
_xВоспитание
_91334107
_3RU\NLR\auth\66240391
606 1 _aДевочки
_jМетодические пособия
_xОбучение
_9938032
_3RU\NLR\auth\66346595
686 _aЧ421.332я8
686 _aЧ491.32я8
700 1 _aЕрофеева
_bН. Ю.
_gНина Юрьевна
_4070
801 0 _aRU
_bNLR
_c20100325
_gRCR
801 1 _aRU
_bNLR
_c20100325
942 _cBOOK
980 _aNB
980 _aNBR